| 000 | 00691nam a2200229Ia 4500 | ||
|---|---|---|---|
| 003 | OSt | ||
| 005 | 20230408112308.0 | ||
| 008 | 210423s2017 xx 000 0 und d | ||
| 020 | _a978-81-309-3171-5 | ||
| 040 | _cAL | ||
| 041 | _aeng | ||
| 082 |
_a510 _223 _bTABH |
||
| 100 |
_aTABAK (John) _984928 |
||
| 245 |
_aHistory of mathematics: beyond geometry Rev Ed Vol 2 _bNew mathematics of space and form |
||
| 260 |
_aNew Delhi _bViva Books Pvt Ltd _c2017 |
||
| 300 |
_axix,217 _bHB |
||
| 365 |
_b1499.16 _cINR |
||
| 440 | _v2 | ||
| 650 |
_aMathematics _984929 |
||
| 906 | _abeyond ; form ; geometry ; History ; mathematics ; mathematics: ; New ; Rev ; space ; Vol | ||
| 942 |
_2ddc _cBK |
||
| 999 |
_c169423 _d169423 |
||